000 00298nam a2200133Ia 4500
008 191201s1984 xx 000 0 und d
082 _a530.14
100 _aNATH,P
245 0 _aApplied n-1 supergravity
260 _bScientific world
_c1984
300 _a116
650 _aApplied
942 _2ddc
_cBK
999 _c570
_d570